| 000 | 00667nam a2200241 a 4500 | ||
|---|---|---|---|
| 001 | 0001-0996 | ||
| 003 | ELIB.Books | ||
| 008 | 141015 2010 eng | ||
| 020 | _a0801062756 | ||
| 035 | _a(ELIB.Books)0001-1150 | ||
| 092 |
_a253.5 _bMei |
||
| 100 | _aMeier, Paul D. | ||
| 245 |
_aIntroduction to Psychology and Counseling: _bChristian Perspective and Applications |
||
| 260 |
_aGrand Rapids _bBaker Books _c1991 |
||
| 300 |
_a365 _c25.3 Cm |
||
| 500 | _aDr. Yahalaylayla | ||
| 650 | _aPastoral Counseling | ||
| 856 |
_nKBTS; Library _uKBTS; Elib. |
||
| 942 |
_2ddc _cBK |
||
| 990 | _a1 | ||
| 998 |
_cbat _e2014-10-15 |
||
| 999 |
_c10996 _d10996 |
||